Eurooppalaisia automerkkejä - Äkkikuolema - Statistics

Yleistilastot
  • Tätä visaa on pelattu 1 891 kertaa
  • Keskiarvotulos 10 / 17
Answers on the Grid
Answers color-coded by a green-red scale on the quiz's grid according to % correct below.
Aston Martin
Audi
Bentley
BMW
BYD
Cadillac
Chevrolet
Chrysler
Citroën
Dacia
Ferrari
Fiat
Ford
Honda
Hyundai
Kia
Lamborghini
Mercedes-Benz
Nissan
Opel
Renault
Rolls-Royce
Seat
Škoda
Subaru
Tata
Tesla
Toyota
Volkswagen
Volvo
 
Vastaustilastot
Vastaus % Oikein
BMW
89%
Audi
83%
Citroën
65%
Ferrari
62%
Fiat
62%
Aston Martin
61%
Mercedes-Benz
58%
Škoda
56%
Volkswagen
56%
Volvo
56%
Renault
51%
Opel
50%
Bentley
48%
Lamborghini
46%
Seat
40%
Dacia
39%
Rolls-Royce
36%
Ehtoja vastaavia visoja ei löytynyt
Tulosjakauma
Jokaisen tuloksen saaneiden osuus
Persentiili vastausten määrän mukaan
Tuloshistoriasi
Et ole pelannut tätä visaa